<?xml version="1.0" encoding="UTF-8"?>
<record
    xmlns:xsi="http://www.w3.org/2001/XMLSchema-instance"
    xsi:schemaLocation="http://www.loc.gov/MARC21/slim http://www.loc.gov/standards/marcxml/schema/MARC21slim.xsd"
    xmlns="http://www.loc.gov/MARC21/slim">

  <leader>01256njm a22002657a 4500</leader>
  <controlfield tag="005">20100906134724.0</controlfield>
  <controlfield tag="007">sd ammalaaahaa</controlfield>
  <controlfield tag="008">100906t        xxu||||| |||| 00| 0 hin d</controlfield>
  <datafield tag="028" ind1=" " ind2=" ">
    <subfield code="a">N. 88280</subfield>
    <subfield code="b">His Master's Voice</subfield>
  </datafield>
  <datafield tag="035" ind1=" " ind2=" ">
    <subfield code="a">GR-686</subfield>
  </datafield>
  <datafield tag="040" ind1=" " ind2=" ">
    <subfield code="a">SED/VEN</subfield>
  </datafield>
  <datafield tag="100" ind1=" " ind2=" ">
    <subfield code="a">Mujaddid Niazi</subfield>
    <subfield code="9">18572</subfield>
  </datafield>
  <datafield tag="245" ind1=" " ind2=" ">
    <subfield code="a">Aa ki tum bin is tarah - gazal part 1 :</subfield>
    <subfield code="b">Urdu Gazal /</subfield>
    <subfield code="c">by Mujaddid Niazi ; music by Murli Manohar Swarup ; comp by Jigar Moradabadi</subfield>
    <subfield code="h">[sound recording] :</subfield>
  </datafield>
  <datafield tag="246" ind1=" " ind2=" ">
    <subfield code="a">&#x906; &#x915;&#x93C;&#x93F;  &#x924;&#x941;&#x92E; &#x92C;&#x93F;&#x928; &#x907;&#x938; &#x924;&#x930;&#x939; (&#x92E;&#x941;&#x91C;&#x926;&#x94D;&#x926;&#x93F;&#x926; &#x928;&#x93F;&#x905;&#x91C;&#x93C;&#x940; )</subfield>
  </datafield>
  <datafield tag="260" ind1=" " ind2=" ">
    <subfield code="a">Dum Dum India</subfield>
    <subfield code="b">His Master's Voice</subfield>
  </datafield>
  <datafield tag="300" ind1=" " ind2=" ">
    <subfield code="a">1 sound disc [Gramophone record] :</subfield>
    <subfield code="b">analog, 33 1/3 rpm</subfield>
    <subfield code="f">Gramophone Record</subfield>
    <subfield code="c">10 in.</subfield>
  </datafield>
  <datafield tag="500" ind1=" " ind2=" ">
    <subfield code="a">Brief Record</subfield>
  </datafield>
  <datafield tag="505" ind1=" " ind2=" ">
    <subfield code="a">Na kisee ki ankh ka noor huin part 2 (Mujaddid niazi) &#x928; &#x915;&#x93F;&#x938;&#x940; &#x915;&#x93C;&#x93F; &#x906;&#x902;&#x916;  &#x915;&#x93E; &#x928;&#x942;&#x930; &#x939;&#x942;&#x901; &#x92A;&#x93E;&#x930;&#x94D;&#x91F; &#x968;  (&#x92E;&#x941;&#x91C;&#x926;&#x94D;&#x926;&#x93F;&#x926; &#x928;&#x93F;&#x905;&#x91C;&#x93C;&#x940; )</subfield>
  </datafield>
  <datafield tag="650" ind1=" " ind2=" ">
    <subfield code="a">Classical Music</subfield>
    <subfield code="x">Excerpts</subfield>
    <subfield code="z">India</subfield>
    <subfield code="9">18573</subfield>
  </datafield>
  <datafield tag="700" ind1=" " ind2=" ">
    <subfield code="a">Murli Manohar Swarup</subfield>
    <subfield code="9">18575</subfield>
  </datafield>
  <datafield tag="700" ind1=" " ind2=" ">
    <subfield code="a">Jigar Moradabadi</subfield>
    <subfield code="9">18576</subfield>
  </datafield>
  <datafield tag="700" ind1=" " ind2=" ">
    <subfield code="9">18577</subfield>
  </datafield>
  <datafield tag="942" ind1=" " ind2=" ">
    <subfield code="2">ddc</subfield>
    <subfield code="c">GR</subfield>
  </datafield>
  <datafield tag="999" ind1=" " ind2=" ">
    <subfield code="c">44008</subfield>
    <subfield code="d">44008</subfield>
  </datafield>
  <datafield tag="952" ind1=" " ind2=" ">
    <subfield code="0">0</subfield>
    <subfield code="1">0</subfield>
    <subfield code="2">ddc</subfield>
    <subfield code="4">0</subfield>
    <subfield code="7">1</subfield>
    <subfield code="8">NFIC</subfield>
    <subfield code="a">L</subfield>
    <subfield code="b">L</subfield>
    <subfield code="d">2010-09-06</subfield>
    <subfield code="e">SED/VEN</subfield>
    <subfield code="l">0</subfield>
    <subfield code="p">GR-686</subfield>
    <subfield code="r">2010-09-06 00:00:00</subfield>
    <subfield code="t">1</subfield>
    <subfield code="w">2010-09-06</subfield>
    <subfield code="y">GR</subfield>
  </datafield>
</record>
